Save and grow in practice : (Record no. 20903)

000 -LEADER
fixed length control field 00956cam a2200157Ii 4500
040 ## - CATALOGING SOURCE
Transcribing agency YDXCP
082 ## - DEWEY DECIMAL CLASSIFICATION NUMBER
Classification number 555 ROM 2016 A028 Or.
245 00 - TITLE STATEMENT
Title Save and grow in practice :
Remainder of title maize, rice, wheat : a guide to sustainable cereal production /
300 ## - PHYSICAL DESCRIPTION
Number of Pages x, 109 pages :
Other physical details color illustrations, color maps ;
Dimensions 26 cm
520 ## - SUMMARY, ETC.
Summary, etc This publication looks at the application of Save and Grow farming systems, practices, and technologies to the world's main food security crops -- maize, rice and wheat. It shows how eco-friendly farming innovations can help farmers meet future demand for those cereals while building resilience to climate change, conserving natural resources, reducing negative impacts on the environment, and enhancing natural capital and the flow of ecosystem services
650 #0 - SUBJECT ADDED ENTRY--TOPICAL TERM
Topical Term Sustainable agriculture
650 #0 - SUBJECT ADDED ENTRY--TOPICAL TERM
Topical Term Food security
650 #0 - SUBJECT ADDED ENTRY--TOPICAL TERM
Topical Term Grain
710 2# - ADDED ENTRY--CORPORATE NAME
Corporate name or jurisdiction name as entry element Food and Agriculture Organization of the United Nations,
942 ## - ADDED ENTRY ELEMENTS (KOHA)
Koha item type ADB
952 ## - LOCATION AND ITEM INFORMATION (KOHA)
Withdrawn status [LOCAL, KOHA] 0
952 ## - LOCATION AND ITEM INFORMATION (KOHA)
Withdrawn status [LOCAL, KOHA] 0
Holdings
Permanent Location Date acquired Koha item type Lost status Shelving location Barcode Current Location Full call number
Library Block A2023-01-13ADB A028a071300Library Block A555 ROM 2016 A028 Or.
Library Block A2023-01-13ADB A028a071280Library Block A555 ROM 2016 A028 Or.
មជ្ឈមណ្ឌលឯការនៃសាកលវិទ្យាល័យភូមិន្ទកសិកម្មចំការដូង

Powered by Koha